000 01231nam a22003017a 4500
001 4602
003 FISKH
005 20251212140310.0
008 240918b cb ||||| |||| 00| 0 eng d
020 _a9780194785990
040 _aFISKH
_beng
_cFISKH
_dFISKH
050 _aPE1127.S45
082 _2428.6
100 _aCammack, Jane
_d(1911-1929)
245 _aThe mystery of manor hall /
_cJane Cammack Illustrated by Jerome Mireault
250 _aFirst published in 2013
260 _aGreat Clarendon :
_bOxford university press,
_c2013.
300 _a40 pages :
_bColor illustrations ;
_c20cm
505 _aJ
520 _aHelp your students read their way to better English.The Oxford Bookworms Library offers high-quality storytelling and a great reading experience, with a world wide range of classic and modern fiction, non-fiction and plays. Bookworms include original and adapted texts in seven carefully graded language stages (Starter to Stage 6), which take learnersfrom beginner to advanced level.
521 8 _a440L
_bLexile
521 8 _aJ
_bRaz-Plus
650 _2Mystery
_aTo-read
650 _2Drama
_aBeginner
700 _aMireault, Jerome
_dIllustrator
942 _2ddc
_cBK
_n0
999 _c4602
_d4602